Normal view
MARC view
- Naciones Unidas.
Entry Nombre Corporativo
001 - NÚMERO DE CONTROL
- campo de control: 6331
003 - IDENTIFICADOR DE NUMERO DE CONTROL
- campo de control: MX-MxUPN
005 - FECHA Y HORA DE LA ÜLTIMA TRANSACCIÓN
- campo de control: 20260527101201.0
008 - DATOS DE LONGITUD FIJA
- campo de control de longitud fija: 260527nn acnnnaabn ib ana |d
035 ## - NÚMERO DE CONTROL
- Número de control: UPN10000006333
040 ## - FUENTE DE CATALOGACIÓN
- Agencia original de catalogación: MX-MxUPN
- Lenguaje de catalogación: spa
110 2# - ENCABEZAMIENTO - NOMBRE CORPORATIVO
- Nombre corporativo o de jurisdicción como elemento de entrada : Naciones Unidas.
- Unidad subordinada: Comisión Económica para América Latina y el Caribe
410 2# - MENCIÓN DE REFERENCIA “VÉASE” – NOMBRE DE ENTIDAD CORPORATIVA
- Corporate name or jurisdiction name as entry element: CEPAL
- Control subfield: d
510 2# - MENCIÓN DE REFERENCIA “VÉASE ADEMÁS”- NOMBRE DE ENTIDAD CORPORTATIVA
- Corporate name or jurisdiction name as entry element: Naciones Unidas
- Subordinate unit: Comisión Económica para América Latina y el Caribe
670 ## - FUENTE EN LA QUE SE LOCALIZARON DATOS
- Cita de la fuente : Autoridades LIBRUNAM, 27 mayo 2026 :
- Información localizada: (Naciones Unidas. Comisión Económica para América Latina y el Caribe)
- Uniform Resource Identifier: https://librunam.dgb.unam.mx/
680 ## - NOTA PUBLICA DE ACCESO PÚBLICO
- Encabezamiento o subdivisión: Nombre utilizado por la Cepal a partir de Julio de 1984
902 ## - CATALOGADOR
- Catalogador: LG/060597
- Catalogador: VíctorGodínez/270526
